Engineering Physics (Record no. 129566)
[ view plain ]
| 000 -LEADER | |
|---|---|
| fixed length control field | 00367nam a2200157Ia 4500 |
| 008 - FIXED-LENGTH DATA ELEMENTS--GENERAL INFORMATION | |
| fixed length control field | 230917s9999||||xx |||||||||||||| ||und|| |
| 040 ## - CATALOGING SOURCE | |
| -- | 109218 |
| Original cataloging agency | VIVEKANANDA LIBRARY |
| 041 ## - Language | |
| -- | English |
| 082 ## - DDC NUMBER | |
| Classification number | 621 S84E |
| 100 ## - MAIN ENTRY--PERSONAL NAME | |
| Personal name | Satya Prakash |
| 245 #0 - TITLE STATEMENT | |
| Title | Engineering Physics |
| 250 ## - EDITION STATEMENT | |
| Edition statement | 4th ed. |
| 260 ## - PUBLICATION, DISTRIBUTION, ETC. (IMPRINT) | |
| Place of publication, distribution, etc | Meerut |
| Name of publisher, distributor, etc | Pragati Prakashan |
| 300 ## - PHYSICAL DESCRIPTION | |
| Pages | xvi, 484 p. |
| 942 ## - ADDED ENTRY ELEMENTS (KOHA) | |
| Koha item type | Books |
| Withdrawn status | Lost status | Damaged status | Not for loan | Location (home branch) | Sublocation or collection (holding branch) | Date acquired | Koha issues (times borrowed) | Koha full call number | Accession No. | Koha date last seen | Koha item type | Shelving location |
|---|---|---|---|---|---|---|---|---|---|---|---|---|
| VIVEKANANDA LIBRARY | VIVEKANANDA LIBRARY | 05/12/2005 | 621 S84E | 226741 | 17/09/2023 | Books | ||||||
| VIVEKANANDA LIBRARY | VIVEKANANDA LIBRARY | 05/12/2005 | 621 S84E | 226742 | 17/09/2023 | Books | UIET Library | |||||
| VIVEKANANDA LIBRARY | VIVEKANANDA LIBRARY | 05/12/2005 | 621 S84E | 226743 | 17/09/2023 | Books | UIET Library | |||||
| VIVEKANANDA LIBRARY | VIVEKANANDA LIBRARY | 05/12/2005 | 621 S84E | 226744 | 17/09/2023 | Books | ||||||
| VIVEKANANDA LIBRARY | VIVEKANANDA LIBRARY | 05/12/2005 | 1 | 621 S84E | 226745 | 07/10/2024 | Books | UIET Library | ||||
| VIVEKANANDA LIBRARY | VIVEKANANDA LIBRARY | 05/12/2005 | 621 S84E | 226746 | 17/09/2023 | Books | UIET Library | |||||
| VIVEKANANDA LIBRARY | VIVEKANANDA LIBRARY | 05/12/2005 | 621 S84E | 226747 | 17/09/2023 | Books | ||||||
| VIVEKANANDA LIBRARY | VIVEKANANDA LIBRARY | 05/12/2005 | 1 | 621 S84E | 226748 | 19/02/2026 | Books | UIET Library | ||||
| VIVEKANANDA LIBRARY | VIVEKANANDA LIBRARY | 05/12/2005 | 621 S84E | 226749 | 17/09/2023 | Books | UIET Library | |||||
| VIVEKANANDA LIBRARY | VIVEKANANDA LIBRARY | 05/12/2005 | 621 S84E | 226750 | 17/09/2023 | Books | UIET Library | |||||
| VIVEKANANDA LIBRARY | VIVEKANANDA LIBRARY | 05/12/2005 | 621 S84E | 231874 | 17/09/2023 | Books |
